000 00446nam a2200181Ia 4500
001 8719
005 20260306160630.0
008 260306t2004||||xx |||||||||||||| ||spa||
041 _aESP
082 _a371.3
_bM32
100 _aMaya Betancourt, Arnobio
_eAUT
245 0 _aMapas conceptuales:
_belaboración y aplicación
260 _c2004
300 _a118 páginas :
_c21 cm.
650 _aGEN
654 _aCED
942 _cLIB
_dJUS
_fJUS
_2ddc
_n
999 _c8719
_d8719